| 000 | 01017cam a22002898i 4500 | ||
|---|---|---|---|
| 001 | 17528709 | ||
| 005 | 20170105102920.0 | ||
| 008 | 121114s2012 cou b 001 0 eng | ||
| 010 | _a 2012037146 | ||
| 020 | _a9788130924144(alk. paper) | ||
| 040 |
_aDLC _beng _cDLC _erda _dDLC |
||
| 042 | _apcc | ||
| 050 | 0 | 0 |
_aHM1281 _b.R435 2012 |
| 082 | 0 | 0 |
_a303.6/1 _223 |
| 245 | 0 | 0 |
_aRecovering nonviolent history : _bcivil resistance in liberation struggles / _cMaciej J. Bartkowski, editor. |
| 263 | _a1111 | ||
| 300 |
_a436 P _b24 |
||
| 504 | _aIncludes bibliographical references and index. | ||
| 650 | 0 | _aNonviolence. | |
| 650 | 0 | _aCivil disobedience. | |
| 650 | 0 | _aGovernment, Resistance to. | |
| 650 | 0 | _aNational liberation movements. | |
| 700 | 1 |
_aBartkowski, Maciej J., _d1976- _eeditor of compilation. |
|
| 906 |
_a0 _bvip _corignew _d1 _eecip _f20 _gy-gencatlg |
||
| 942 |
_2ddc _cBK |
||
| 999 |
_c15533 _d15533 |
||